| 000 | 00756nam a22002177a 4500 | ||
|---|---|---|---|
| 003 | 0 | ||
| 005 | 20250426132536.0 | ||
| 008 | 250426b xxu||||| |||| 00| 0 eng d | ||
| 020 | _a978-621-427-135-1 | ||
| 050 |
_aHD 58.8 _b.F66 2023 |
||
| 100 | _aFlores, Marivic F. | ||
| 245 |
_aOrganization development _cMarivic F. Flores |
||
| 250 | _asecond edition | ||
| 260 |
_aIntramuros, Manila _bUnlimited Books Library Services & Publishing Inc. _c2023 |
||
| 300 |
_aviii, 340 pages; _c23cm. |
||
| 504 | _aIncludes bibliographical references. | ||
| 650 | _aOrganizational change -- Organizational effectiveness. | ||
| 650 | _aIndustrial management -- Organizational behavior. | ||
| 650 | _aCorporate culture -- Personnel management. | ||
| 942 |
_2lcc _cBK |
||
| 999 |
_c367413 _d367413 |
||